Logo Biblioteca

Todas las semillas / (Registro nro. 293)

Detalles MARC
000 -LEADER
fixed length control field 00590nam a22001937a 4500
003 - CONTROL NUMBER IDENTIFIER
control field OSt
005 - DATE AND TIME OF LATEST TRANSACTION
control field 20240830173658.0
008 - FIXED-LENGTH DATA ELEMENTS--GENERAL INFORMATION
fixed length control field 240805s2022 ag ||||| |||| 00| p spa d
020 ## - INTERNATIONAL STANDARD BOOK NUMBER
International Standard Book Number 9789873969553
040 ## - CATALOGING SOURCE
Transcribing agency besoc
100 1# - MAIN ENTRY--PERSONAL NAME
Personal name Campero, María Belén,
Relator term autor
245 10 - TITLE STATEMENT
Title Todas las semillas /
Statement of responsibility, etc. María Belén Campero ; Pablo Luebert, ilustrador
260 ## - PUBLICATION, DISTRIBUTION, ETC.
Place of publication, distribution, etc. Buenos Aires :
Name of publisher, distributor, etc. Ojoreja,
Date of publication, distribution, etc. 2022
300 ## - PHYSICAL DESCRIPTION
Extent 16 p.
490 0# - SERIES STATEMENT
Series statement Tikitaka
650 #4 - SUBJECT ADDED ENTRY--TOPICAL TERM
Topical term or geographic name entry element Literatura Argentina
Form subdivision Poesía
Chronological subdivision Siglo XXI
General subdivision Colección infantil y juvenil
700 1# - ADDED ENTRY--PERSONAL NAME
Personal name Luebert, Pablo
Relator term ilustrador
942 ## - ADDED ENTRY ELEMENTS (KOHA)
Source of classification or shelving scheme Universal Decimal Classification
Koha item type Obra General
Suppress in OPAC No
Existencias
Withdrawn status Lost status Source of classification or shelving scheme Damaged status Not for loan Collection Home library Current library Date acquired Total checkouts Full call number Barcode Date last seen Price effective from Koha item type
    Universal Decimal Classification     Colección General Biblioteca Escuela de Ciencias Sociales Biblioteca Escuela de Ciencias Sociales 05/08/2024   82-1(82) C195 001117 05/08/2024 05/08/2024 Obra General
Biblioteca de la Escuela Preuniversitaria en Ciencias Sociales y Humanísticas.
Riobamba 250 bis.
CP 2000 - Rosario - Santa Fe
E-Mail: biblioteca@esociales.unr.edu.ar